000 00253nam a2200097Ia 4500
001 1049232
005 20250826232309.0
008 250824s9999 xx 000 0 und d
245 0 _aPAŞALARIN HESAPLAŞMASI
_cMUSTAFA ARMAĞAN
260 _bKETEBE YAYINLARI
999 _c1049232
_d1049232